| 000 | 00363nam a2200145 a 4500 | ||
|---|---|---|---|
| 008 | 990309s1964||||xx 0 und c | ||
| 040 |
_aSNK _bslo _cSNK _eAACR2 |
||
| 100 | 1 | _aKropilák, M. | |
| 245 | 1 | 0 | _aMalý slovník Slovenského národného povstania |
| 260 |
_aBratislava _bVPL _c1964 |
||
| 300 | _a311 s. | ||
| 020 | _c9 | ||
| 041 | _aslo | ||
| 044 |
_axo _cSK |
||
| 999 |
_c19141 _d19141 |
||